00535nam a22002057a 450000500170000001000110001702000100002803500110003803700160004904000120006508200160007710000160009324500660010926000420017527000460021730000200026350000200028365000140030365000120031720170124110243.0 a697483 c00.00 a697483 bCen Lib/Ret aDPLbEN a291.46bGUP aGupte, R.S. aIconography of the hindus budhist and jains /bby R.S. Gupte  aBombaybD.B. Taraporevala Sons c1972 bBombaya210 Dr. Dadabhai Naoriji Road e1 a201p.c26cm(Hb) aincludes index  aHinduism  aJainism